Some remarkable passages in the life of the Honourable Col. James Gardiner : who was slain at the battle of Preston-Pans, September 21, 1745. With an appendix relating to the antient family of the Munro's of Fowlis. By P. Doddridge, ...

Bibliographic Details
Main Author: Doddridge, Philip, 1702-1751
Format: eBook
Language:English
Series:Eighteenth century collections online.
Online Access:Full text online

MARC

Tag First Indicator Second Indicator Subfields
LEADER 00000cam a2200000 4500
001 in00001982978
006 m | d |
007 cr |n||||||||n
008 791208s1747 enk|||| s 00||||eng d
005 20260414172542.6
035 |a (CStRLIN)ESTCT74339 
040 |a Uk-ES  |c Uk-ES  |d Cu-RivES  |d CStRLIN  |d Thomson Gale  |d UtOrBLW 
100 1 |a Doddridge, Philip,  |d 1702-1751. 
245 1 0 |a Some remarkable passages in the life of the Honourable Col. James Gardiner :  |b who was slain at the battle of Preston-Pans, September 21, 1745. With an appendix relating to the antient family of the Munro's of Fowlis. By P. Doddridge, ... 
264 3 |a London :  |b printed for James Buckland; and James Waugh,  |c 1747. 
300 |a 16 unnumbered pages, 260p., plate :  |b portrait ;  |c 8⁰. 
336 |a text  |b txt  |2 rdacontent 
337 |a computer  |b c  |2 rdamedia 
338 |a online resource  |b cr  |2 rdacarrier 
500 |a Reproduction of original from the British Library. 
510 4 |a English Short Title Catalog,  |c ESTCT74339. 
533 |a Electronic reproduction.  |b Farmington Hills, Mich. :  |c Thomson Gale,  |d 2003.  |n Available via the World Wide Web.  |n Access limited by licensing agreements  |7 s2003 miunns 
500 |a Electronic resource. 
830 0 |a Eighteenth century collections online. 
856 4 0 |u http://proxy.library.tamu.edu/login?url=https://galenet.galegroup.com/servlet/ECCO?c=1&stp=Author&ste=11&af=BN&ae=T074339&tiPG=1&dd=0&dc=flc&docNum=CW121200384&vrsn=1.0&srchtp=a&d4=0.33&n=10&SU=0LRF&locID=txshracd2898  |z Full text online  |t 0 
999 |a MARS 
999 f f |s 4053a074-ab14-3dd5-a74d-560223b55141  |i 9792fc79-4e31-3dc3-8b50-1e1ef4180eec  |t 0 
952 f f |a Texas A&M University  |b College Station  |c Electronic Resources  |s www_evans  |d Available Online  |t 0  |h No information provided 
998 f f |t 0  |l Available Online